000 00445nam a2200181Ia 4500
001 16228
005 20260306170254.0
008 260306t2016||||xx |||||||||||||| ||und||
041 _aESP
082 _a347.5
_bT74
100 _aTorres Carrasco, Manuel Alberto
_eAUT
245 0 _aManual práctico de títulos valores
260 _c2016
300 _a166 páginas :
_c24 cm.
650 _aGEN
654 _aCDE
942 _cLIB
_dJUS
_fJUS
_2ddc
_n
999 _c16228
_d16228